000 00318nam a2200133 i 4500
001 bg
100 1 _aŚWISTERSKI, Stanisław
245 0 _aGeometria wykreślna /
_cStanisław Świsterski.
260 _aKraków,
_c1977.
040 _cBPK
041 _apol
942 _cKS
008 s pl f |000 0 pol
999 _c27841
_d27841
856 _uhttp://koha.tu.koszalin.pl/cgi-bin/koha/opac-detail.pl?biblionumber=27841
_yKatalog online BPK